| 000 | 00353nam a2200133 i 4500 | ||
|---|---|---|---|
| 001 | bg | ||
| 100 | 1 | _aOSTAPIUK, Henryk | |
| 245 | 0 |
_aKonstrukcje metalowe : _bprzewodnik do ćwiczeń projektowych. _nCz. 1 / _cHenryk Ostapiuk. |
|
| 260 |
_aSzczecin, _c1976. |
||
| 040 | _cBPK | ||
| 041 | _apol | ||
| 942 | _cKS | ||
| 008 | s pl f |000 0 pol | ||
| 999 |
_c17243 _d17243 |
||
| 856 |
_uhttp://koha.tu.koszalin.pl/cgi-bin/koha/opac-detail.pl?biblionumber=17243 _yKatalog online BPK |
||